Sociológica : mayo-diciembre 1988, año 3, números 7-8 /

Guardado en:
书目详细资料
其他作者: Garay, Adrián de (dirección) (dirección)
格式: 图书
语言:西班牙语
出版: México : UAM Azcapotzalco, 1988, c1988
标签: 添加标签
没有标签, 成为第一个标记此记录!

MARC

LEADER 00000nam^a2200000^a^4500
001 000628394
005 20260226000000.0
009 20260310134111.876
022 |a 0187-0173 
037 |a Acervo Xavier Clavigero 
041 |a ESP 
091 |a FHG. 01380 
240 1 1 |a [Sociológica] 
245 0 0 |a Sociológica :  |b mayo-diciembre 1988, año 3, números 7-8 / 
264 4 |a México :  |b UAM Azcapotzalco,  |c 1988, c1988 
300 |a 392 p. 
336 |a texto  |b txt  |2 rdacontenido 
337 |a sin mediación  |b n  |2 rdamedio 
338 |a volumen  |b nc  |2 rdasoporte 
649 |a XX 
700 |a Garay, Adrián de  |e (dirección) 
910 |a Fondo Humberto García Bedoy S.J. 
920 |a Impresos - Libros 
930 |a Fondos Especiales 
905 |a 148 
901 |a 628685-10  |b IT2  |c ESP  |i D  |u 20260226 
902 |a https://opac.biblio.iteso.mx/vufind/Record/000628394